Statistiques concernant Culture Générale - Série 1444

Cliquez ici pour prendre le quiz!

Statistiques générales

  • Ce quiz a été pris 79 fois
  • Le résultat moyen est 5 sur 10

Statistiques - réponses

QuestionRéponse% Correct
Quel est le féminin du mot "ogre"?ogresse
96%
Sur quel continent se situe l'État d'Érythrée ?Afrique
96%
En quelle saison se situait le mois de Fructidor, selon le calendrier républicain français ?été
89%
De quel pays la danse appelée "sirtaki" est-elle originaire ?Grèce
86%
En 1988, qui interprète Camille Claudel au cinéma, face à Gérard Depardieu ?Isabelle Adjani
55%
Dans quelle ville Gil Grissom et son équipe d'experts enquêtent-ils ?Las Vegas
45%
A quel groupe rock britannique doit-on les titres : "I Want It All" et "Breakthru", extraits de l'album "The Miracle" ?Queen
39%
Quel était le prénom de l'épouse de Louis de Funès ?Jeanne
12%
Quel est le prénom du véliplanchiste Teriitehau ?Robert
11%
A quel peintre français, né en 1839, doit-on le tableau : "Les Grandes Baigneuses" ?Paul Cézanne
9%

Distribution des résultats

Percentile par nombre de réponses

% des personnes avec chaque résultat

Votre développement - résultats

Vous n’avez pas pris ce quiz